000 00426nam a2200169Ia 4500
005 20250508151754.0
008 008 250505s9999 xx 000 0 hin d
037 _aTextual
040 _aFEDL
_beng
_cFEDL
041 _ahin
_2eng
084 _a891.432, JAI
_qFEDL
100 _aJaishankar Prasad
245 0 _aDhuruvswamini
300 _a63p.
942 _cTEXL
_h891.432, JAI
999 _c1332061
_d1332061